[Event "Women's Speed Chess Q7"]
[Site "chess.com INT"]
[Date "2021.06.06"]
[Round "4"]
[White "Zaichenko, Daria"]
[Black "Dordzhieva, Dinara"]
[Result "1/2-1/2"]
[WhiteTitle "WFM"]
[BlackTitle "WGM"]
[WhiteElo "2104"]
[BlackElo "2311"]
[WhiteFideId "4197453"]
[BlackFideId "24157570"]
[EventDate "2021.06.06"]

1. e4 c5 2. Nf3 d6 3. d4 cxd4 4. Nxd4 Nf6 5. Nc3 a6 6. Be3 e6 7. Be2 Nc6 8. O-O
Be7 9. f4 O-O 10. Kh1 Nxd4 11. Bxd4 Qc7 12. e5 dxe5 13. Bxe5 Qb6 14. Bd3 Rd8 15.
Qf3 Bd7 16. Rad1 Bc6 17. Qh3 g6 18. Ne2 Rac8 19. Ng3 Bd5 20. f5 exf5 21. Nxf5
gxf5 22. Qxf5 Qe6 23. Bxf6 Bxf6 24. Qxf6 Qxf6 25. Rxf6 Be4 26. Rdf1 Bxd3 27.
cxd3 Rc7 28. R6f3 Rd4 29. h3 Rcd7 30. Rg3+ Kf8 31. Rff3 Ra4 32. a3 Rad4 33. Re3
R7d6 34. Rgf3 Rb6 35. b4 Rbd6 36. g4 Rc6 37. Kg2 Rc2+ 38. Kg3 Rc3 39. a4 Rxb4
40. Re5 Rxa4 41. Rh5 Kg7 42. Rg5+ Kf8 43. Rh5 Rd4 44. Rxh7 Rc7 45. Rh8+ Ke7 46.
Rh7 Ke8 47. Rh8+ Ke7 48. Rh7 Kf8 49. Rh8+ Kg7 50. Rh5 Rcd7 51. Rg5+ Kf8 52. Rgf5
Rxd3 53. Rxf7+ Rxf7 54. Rxd3 b5 55. Rd6 Ra7 56. Rb6 Kg7 57. g5 a5 58. Rxb5 a4
59. Rb2 a3 60. Ra2 Kg6 61. h4 Kh5 62. Kh3 Ra4 63. Kg3 Rg4+ 64. Kf3 Rxh4 65. Kg3
Ra4 66. Kh3 Kxg5 67. Kg3 Kf5 68. Kf3 Ke5 69. Ke3 Kd5 70. Kd3 Rh4 71. Kc3 Kc5 72.
Rxa3 Rh3+ 73. Kb2 Rh2+ 74. Kb3 Rh3+ 75. Kb2 Rh2+ 76. Kb3 Rh1 77. Kb2 Kb4 78.
Rb3+ Kc4 79. Rc3+ Kd4 80. Rc1 Rh2+ 81. Rc2 Rh3 82. Rd2+ Kc4 83. Rc2+ Kb4 84. Rf2
Rb3+ 85. Kc2 Ra3 86. Rf4+ Kc5 87. Kb2 Re3 88. Kc2 Re5 89. Kc3 Re3+ 90. Kd2 Re5
91. Kd3 Rd5+ 92. Kc3 Re5 93. Kd3 1/2-1/2

[Event "Women's Speed Chess Q7"]
[Site "chess.com INT"]
[Date "2021.06.06"]
[Round "4"]
[White "Zawadzka, Jolanta"]
[Black "Arpita, Mukherjee"]
[Result "0-1"]
[WhiteTitle "WGM"]
[BlackTitle "WIM"]
[WhiteElo "2403"]
[BlackElo "2206"]
[WhiteFideId "1122320"]
[BlackFideId "5056403"]
[EventDate "2021.06.06"]

1. e4 c5 2. Nf3 d6 3. d4 cxd4 4. Nxd4 Nf6 5. f3 a6 6. c4 e5 7. Nb3 Be7 8. Be3
Be6 9. Be2 O-O 10. O-O Nbd7 11. Nc3 Rc8 12. Nd5 Bxd5 13. cxd5 b5 14. Qd2 Nb6 15.
Na5 Nc4 16. Bxc4 bxc4 17. Nc6 Qd7 18. Rac1 Nh5 19. Rxc4 f5 20. Rfc1 Rce8 21.
Nxe7+ Qxe7 22. Rc7 Qf6 23. Bg5 Qg6 24. Kh1 fxe4 25. fxe4 Qxe4 26. Qe3 Qf5 27. h3
e4 28. Re1 Re5 29. Bh4 Nf4 30. Qg3 Ng6 31. Rcc1 Rxd5 32. Rf1 Qxf1+ 33. Rxf1
Rxf1+ 34. Kh2 Rdd1 35. Qb3+ Kh8 36. Qb8+ Rf8 37. Qb3 Rd2 38. Be1 Re2 39. Bc3 Ne5
40. Qb7 Nf3+ 41. Kg3 Ne5 42. Qe7 Ref2 43. Qxd6 Ng6 44. Qc7 R2f7 45. Qc5 Re7 46.
Qe3 Nf4 47. Qc5 Ng6 48. h4 Rff7 49. h5 Nf8 50. Qc8 Kg8 51. h6 gxh6 52. Qxa6 Re6
53. Qe2 Rg6+ 54. Kh2 Ne6 55. a4 Nf4 56. Qxe4 Rxg2+ 57. Qxg2+ Nxg2 58. Kxg2 Rc7
59. a5 Kf7 60. Kh3 Kg6 61. Kh4 h5 62. Kg3 Rc4 63. a6 Ra4 64. b4 Rxa6 65. Bd4 Ra4
66. Bc5 Ra3+ 67. Kh4 Rb3 68. Bd6 h6 69. Bc5 Rc3 70. Bd6 Rc4+ 71. Kh3 Kg5 72.
Be7+ Kf5 73. Bc5 h4 74. Be7 Rc3+ 75. Kxh4 Rc4+ 76. Kh3 h5 77. Bc5 Kg6 78. Be7
Rd4 79. Bc5 Rc4 80. Bd6 h4 81. Bc5 Kh5 82. Be7 Rc3+ 83. Kh2 Kg4 84. Kg2 h3+ 85.
Kh2 Rc2+ 86. Kh1 h2 87. Bd6 Kh3 88. Bf4 Re2 89. Bxh2 Rxh2+ 90. Kg1 Rb2 91. b5
Rxb5 0-1

[Event "Women's Speed Chess Q7"]
[Site "chess.com INT"]
[Date "2021.06.06"]
[Round "5"]
[White "Tania, Sachdev"]
[Black "Head, Louise"]
[Result "1-0"]
[WhiteTitle "IM"]
[BlackTitle "WFM"]
[WhiteElo "2392"]
[BlackElo "2090"]
[WhiteFideId "5007844"]
[BlackFideId "424773"]
[EventDate "2021.06.06"]

1. d4 d5 2. c4 dxc4 3. Nf3 Nf6 4. e3 e6 5. Bxc4 a6 6. O-O b5 7. Bb3 c5 8. e4
cxd4 9. Nxd4 Nxe4 10. Re1 Bb7 11. Bf4 Nd7 12. Nxe6 fxe6 13. Bxe6 Qf6 14. Qxd7# 1-0

[Event "Women's Speed Chess Q7"]
[Site "chess.com INT"]
[Date "2021.06.06"]
[Round "5"]
[White "Eswaran, Ashritha"]
[Black "Potapova, Margarita"]
[Result "0-1"]
[WhiteTitle "WIM"]
[BlackTitle "WIM"]
[WhiteElo "2244"]
[BlackElo "2260"]
[WhiteFideId "2080788"]
[BlackFideId "14126869"]
[EventDate "2021.06.06"]

1. e4 c5 2. Nf3 d6 3. d4 cxd4 4. Nxd4 Nf6 5. Nc3 a6 6. Be3 e5 7. Nf3 Qc7 8. a4
Be7 9. a5 O-O 10. Be2 h6 11. O-O Be6 12. Bb6 Qc8 13. Re1 Nbd7 14. Be3 Ng4 15.
Qd2 Nxe3 16. Qxe3 Nf6 17. Red1 Qc6 18. Ra4 Rfc8 19. Nh4 Qe8 20. Nf5 Bxf5 21.
exf5 Rxc3 22. bxc3 Qxa4 23. g4 Nxg4 24. Qg3 Nf6 25. Bd3 Qf4 0-1

[Event "Women's Speed Chess Q7"]
[Site "chess.com INT"]
[Date "2021.06.06"]
[Round "5"]
[White "Ortiz Verdezoto, Anahi"]
[Black "Kabanova, Ekaterina"]
[Result "0-1"]
[WhiteTitle "WIM"]
[BlackTitle "WFM"]
[WhiteElo "2013"]
[BlackElo "2138"]
[WhiteFideId "3614581"]
[BlackFideId "24112917"]
[EventDate "2021.06.06"]

1. d4 c5 2. d5 e5 3. dxe6 fxe6 4. e4 Nc6 5. Nf3 a6 6. c4 d6 7. Nc3 Be7 8. Bd3
Nf6 9. O-O O-O 10. Bg5 Ng4 11. Bxe7 Qxe7 12. h3 Nge5 13. Nxe5 Nxe5 14. Be2 Nc6
15. Bg4 Nd4 16. Ne2 e5 17. Nxd4 cxd4 18. Re1 Rf4 19. Bxc8 Rxc8 20. b3 Rcf8 21.
Re2 Qh4 22. g3 Qxh3 23. gxf4 Rf6 24. f3 Rg6+ 25. Kf2 Qg3+ 0-1

[Event "Women's Speed Chess Q7"]
[Site "chess.com INT"]
[Date "2021.06.06"]
[Round "5"]
[White "Selkirk, Rebecca"]
[Black "Zaksaite, Salomeja"]
[Result "0-1"]
[WhiteTitle "WCM"]
[BlackTitle "WIM"]
[WhiteElo "1799"]
[BlackElo "2202"]
[WhiteFideId "14306514"]
[BlackFideId "12801496"]
[EventDate "2021.06.06"]

1. e4 g6 2. Nf3 Bg7 3. d4 b6 4. e5 Bb7 5. c3 d6 6. Bf4 dxe5 7. Bxe5 Nf6 8. Bb5+
c6 9. Bc4 O-O 10. O-O Nbd7 11. Nbd2 Nxe5 12. dxe5 Nd5 13. e6 fxe6 14. Re1 b5 15.
Bb3 c5 16. Ng5 c4 17. Bc2 Nf4 18. g3 Qd5 19. Be4 Qxg5 20. Bxb7 Nh3+ 21. Kg2
Rxf2+ 22. Kh1 Rxd2 23. Qf3 Rf8 24. Qe4 Nf2+ 0-1

[Event "Women's Speed Chess Q7"]
[Site "chess.com INT"]
[Date "2021.06.06"]
[Round "5"]
[White "Ambartsumova, Karina"]
[Black "Bodnaruk, Anastasia"]
[Result "1-0"]
[WhiteTitle "IM"]
[BlackTitle "IM"]
[WhiteElo "2382"]
[BlackElo "2446"]
[WhiteFideId "4166299"]
[BlackFideId "4181751"]
[EventDate "2021.06.06"]

1. Nf3 Nf6 2. g3 g6 3. d4 Bg7 4. Bg2 O-O 5. O-O d6 6. c4 Nc6 7. Nc3 a6 8. b3 Rb8
9. Bb2 b5 10. cxb5 axb5 11. d5 Na5 12. Rc1 Bd7 13. Qc2 e6 14. e4 exd5 15. Nxd5
c6 16. Nxf6+ Bxf6 17. Rfd1 Bxb2 18. Qxb2 Nb7 19. Nd4 c5 20. Nf3 Qe7 21. e5 Bg4
22. exd6 Nxd6 23. Re1 Qc7 24. Ne5 Rbc8 25. Nxg4 1-0

[Event "Women's Speed Chess Q7"]
[Site "chess.com INT"]
[Date "2021.06.06"]
[Round "5"]
[White "Gaponenko, Inna"]
[Black "Arabidze, Meri"]
[Result "1/2-1/2"]
[WhiteTitle "IM"]
[BlackTitle "IM"]
[WhiteElo "2357"]
[BlackElo "2432"]
[WhiteFideId "14101181"]
[BlackFideId "13604040"]
[EventDate "2021.06.06"]

1. e4 c6 2. d4 d5 3. exd5 cxd5 4. c4 Nf6 5. Nc3 e6 6. Nf3 Bb4 7. cxd5 Nxd5 8.
Bd2 Nc6 9. Bd3 O-O 10. O-O Be7 11. Nxd5 Qxd5 12. Bc3 b6 13. Re1 Bb7 14. Be4 Qd7
15. Ne5 Nxe5 16. dxe5 Qxd1 17. Raxd1 Bxe4 18. Rxe4 Rfd8 19. Red4 Kf8 20. Rxd8+
Rxd8 21. Rxd8+ Bxd8 22. f4 g6 23. Kf2 Be7 24. Ke3 Ke8 25. g4 Kd7 26. Ke4 Kc6 27.
f5 Bc5 28. fxg6 fxg6 29. h4 Bf2 30. h5 Bg3 31. hxg6 hxg6 32. b3 b5 33. Bb4 a6
34. Be7 Bh2 35. Bf8 Bg3 36. Be7 Bh2 37. Bf8 Bg3 38. Be7 1/2-1/2

[Event "Women's Speed Chess Q7"]
[Site "chess.com INT"]
[Date "2021.06.06"]
[Round "5"]
[White "Jakubowska, Anna"]
[Black "Zawadzka, Jolanta"]
[Result "1-0"]
[WhiteTitle "WIM"]
[BlackTitle "WGM"]
[WhiteElo "2073"]
[BlackElo "2403"]
[WhiteFideId "1121952"]
[BlackFideId "1122320"]
[EventDate "2021.06.06"]

1. e4 e5 2. Nc3 Nc6 3. g3 Bb4 4. Bg2 Nge7 5. Nge2 O-O 6. O-O d6 7. d3 f5 8. f4
Bc5+ 9. Kh1 a6 10. Nd5 Nxd5 11. exd5 Ne7 12. d4 exd4 13. Nxd4 Bxd4 14. Qxd4 Ng6
15. Be3 Bd7 16. Rae1 Bb5 17. c4 Bd7 18. b3 b6 19. Bc1 a5 20. Bb2 Rf7 21. Re2 h6
22. Rfe1 Kh7 23. Bf3 Qf8 24. Bh5 Re8 25. Rxe8 Bxe8 26. Qe3 Bd7 27. Kg2 Kg8 28.
Bxg6 Rf6 29. Bxf6 Qxf6 30. Be8 Bxe8 31. Qxe8+ Kh7 32. Qe6 Qb2+ 33. Re2 Qd4 34.
Qxf5+ g6 35. Re7+ Kh8 1-0

[Event "Women's Speed Chess Q7"]
[Site "chess.com INT"]
[Date "2021.06.06"]
[Round "5"]
[White "Nandhidhaa, P V"]
[Black "Vine, Elzbieta"]
[Result "1-0"]
[WhiteTitle "WGM"]
[BlackTitle "WFM"]
[WhiteElo "2365"]
[BlackElo "2138"]
[WhiteFideId "5050847"]
[BlackFideId "1119320"]
[EventDate "2021.06.06"]

1. e4 c5 2. c3 e5 3. Nf3 Nc6 4. Be2 Nf6 5. d3 d5 6. exd5 Nxd5 7. O-O Bd6 8. Nbd2
O-O 9. Nc4 Nf4 10. Bxf4 exf4 11. Nxd6 Qxd6 12. d4 cxd4 13. Nxd4 Ne5 14. Nf3 Qf6
15. Nxe5 Qxe5 16. Bf3 Rb8 17. Re1 Qg5 18. Qd4 Bh3 19. Re5 Qg6 20. Qxf4 Be6 21.
Bh5 1-0

[Event "Women's Speed Chess Q7"]
[Site "chess.com INT"]
[Date "2021.06.06"]
[Round "5"]
[White "Babiy, Olga"]
[Black "Belenkaya, Dina"]
[Result "1-0"]
[WhiteTitle "WGM"]
[BlackTitle "WGM"]
[WhiteElo "2280"]
[BlackElo "2341"]
[WhiteFideId "14117258"]
[BlackFideId "24142654"]
[EventDate "2021.06.06"]

1. d4 d5 2. Nf3 Nf6 3. Bf4 c5 4. e3 Nc6 5. Nbd2 Bg4 6. c3 e6 7. Bb5 Rc8 8. Qa4
a6 9. Bxc6+ bxc6 10. Qxa6 Be7 11. Ne5 O-O 12. Nxc6 Qd7 13. Nxe7+ Qxe7 14. Bd6
Qd7 15. Bxf8 Rxf8 16. dxc5 Rc8 17. Nb3 Bf5 18. O-O Ne4 19. Rfd1 e5 20. c4 Be6
21. cxd5 Bxd5 22. Qd3 Qf5 23. Qxd5 Qxf2+ 24. Kh1 Nf6 25. Qd8+ 1-0

[Event "Women's Speed Chess Q7"]
[Site "chess.com INT"]
[Date "2021.06.06"]
[Round "5"]
[White "Vantika, Agrawal"]
[Black "Kotepalli, Sai Nirupama"]
[Result "0-1"]
[WhiteTitle "WIM"]
[BlackTitle "WFM"]
[WhiteElo "2286"]
[BlackElo "1914"]
[WhiteFideId "25050389"]
[BlackFideId "5039444"]
[EventDate "2021.06.06"]

1. d4 g6 2. c4 Bg7 3. Nc3 e6 4. e4 Ne7 5. Nf3 d5 6. cxd5 exd5 7. e5 O-O 8. h4 h5
9. Be2 c5 10. dxc5 Be6 11. O-O Nd7 12. Bf4 Nxc5 13. Nd4 Nc6 14. Rc1 Qxh4 15. g3
Qe7 16. Qd2 Nxe5 17. Rfe1 Ne4 18. Nxe4 dxe4 19. Qe3 Bd5 20. Bf1 Ng4 21. Qd2 Rad8
22. Rc7 Rd7 23. Rxd7 Qxd7 24. Bb5 Qe7 25. Nf5 Qc5 26. Qxd5 Qxf2+ 0-1

[Event "Women's Speed Chess Q7"]
[Site "chess.com INT"]
[Date "2021.06.06"]
[Round "5"]
[White "Semenova, Elena1"]
[Black "Buksa, Nataliya"]
[Result "0-1"]
[WhiteTitle "WIM"]
[BlackTitle "IM"]
[WhiteElo "2246"]
[BlackElo "2413"]
[WhiteFideId "24125148"]
[BlackFideId "14123622"]
[EventDate "2021.06.06"]

1. e4 c5 2. Nf3 Nc6 3. Bb5 g6 4. Bxc6 dxc6 5. d3 Bg7 6. h3 Nf6 7. Nc3 Nd7 8. Be3
e5 9. a4 b6 10. O-O Nf8 11. a5 Rb8 12. Nh2 Ne6 13. Ne2 O-O 14. f4 exf4 15. Nxf4
Bxb2 16. Rb1 Bg7 17. Nxe6 Bxe6 18. Qd2 c4 19. d4 Qe7 20. c3 bxa5 21. Nf3 Rb3 22.
Ra1 Qc7 23. Bf4 Qb6 24. Be5 f6 25. Bd6 Rd8 26. Bf4 Rb2 27. Qe3 a4 28. e5 Bd5 29.
exf6 Bxf6 30. Be5 Rf8 31. Bxf6 Rxf6 32. Ne5 Rxg2+ 33. Kh1 Re2+ 0-1

[Event "Women's Speed Chess Q7"]
[Site "chess.com INT"]
[Date "2021.06.06"]
[Round "5"]
[White "Kashlinskaya, Alina"]
[Black "Avramidou, Anastasia"]
[Result "0-1"]
[WhiteTitle "IM"]
[BlackTitle "FM"]
[WhiteElo "2494"]
[BlackElo "2238"]
[WhiteFideId "4198026"]
[BlackFideId "4239873"]
[EventDate "2021.06.06"]

1. d4 Nf6 2. c4 g6 3. Nc3 d5 4. Bg5 Ne4 5. Bf4 Nxc3 6. bxc3 Bg7 7. Nf3 O-O 8. e3
c5 9. cxd5 Qxd5 10. Be2 cxd4 11. cxd4 Nc6 12. O-O Bf5 13. Qb3 Qxb3 14. axb3 Rfe8
15. Rfc1 a6 16. h3 e5 17. dxe5 Nxe5 18. Rc7 Nxf3+ 19. Bxf3 Bxa1 20. Bxb7 Ra7 21.
Bd6 Rb8 22. Bd5 Rxc7 23. Bxc7 Rc8 24. Bf4 Rc1+ 25. Kh2 Kg7 26. g4 Be6 27. g5
Bxd5 28. Bd6 Rh1+ 29. Kg3 Rb1 30. Kf4 Rxb3 31. h4 Be6 32. f3 Rb5 33. e4 f6 34.
gxf6+ Bxf6 35. h5 g5+ 36. Kg3 h6 37. f4 gxf4+ 38. Kxf4 a5 39. e5 Bxe5+ 40. Bxe5+
Rxe5 41. Kxe5 Kf7 42. Kd4 Kf6 43. Kc3 Kg5 44. Kb2 Kxh5 45. Kc3 Kg4 46. Kd4 h5
47. Ke5 h4 48. Ke4 h3 49. Ke3 h2 50. Kf2 h1=Q 51. Ke2 Qf3+ 52. Kd2 Kf4 53. Kc2
Ke4 54. Kd2 Kd4 0-1

[Event "Women's Speed Chess Q7"]
[Site "chess.com INT"]
[Date "2021.06.06"]
[Round "5"]
[White "Perez Rodriguez, Jennifer"]
[Black "Shuvalova, Polina"]
[Result "0-1"]
[WhiteTitle "WIM"]
[BlackTitle "IM"]
[WhiteElo "2251"]
[BlackElo "2489"]
[WhiteFideId "3507831"]
[BlackFideId "24171760"]
[EventDate "2021.06.06"]

1. e4 c6 2. d4 d5 3. exd5 cxd5 4. c4 Nf6 5. Nc3 e6 6. Nf3 Bb4 7. Bd3 dxc4 8.
Bxc4 O-O 9. O-O b6 10. a3 Bxc3 11. bxc3 Bb7 12. Ne5 Nbd7 13. f4 Rc8 14. Qb3 Bd5
15. Bxd5 Nxd5 16. Bd2 N7f6 17. Rf3 Qc7 18. Raf1 g6 19. Be1 Ne4 20. c4 Ne7 21.
Qd3 Nd6 22. Bh4 Nef5 23. Bf6 Ne8 24. Ng4 h5 25. Be5 Qxc4 26. Qxc4 Rxc4 27. Nf6+
Nxf6 28. Bxf6 Rfc8 29. Rd3 Kf8 30. d5 exd5 31. Rxd5 Ne3 32. Rfd1 Nxd5 33. Rxd5
R4c6 0-1

[Event "Women's Speed Chess Q7"]
[Site "chess.com INT"]
[Date "2021.06.06"]
[Round "5"]
[White "Dordzhieva, Dinara"]
[Black "Hng, Mei-En Emmanuelle"]
[Result "1/2-1/2"]
[WhiteTitle "WGM"]
[BlackTitle "WFM"]
[WhiteElo "2311"]
[BlackElo "2013"]
[WhiteFideId "24157570"]
[BlackFideId "5804566"]
[EventDate "2021.06.06"]

1. Nf3 d6 2. d4 Nf6 3. c4 g6 4. g3 Bg7 5. Bg2 O-O 6. O-O Na6 7. Nc3 c5 8. h3 Rb8
9. d5 e6 10. e4 exd5 11. exd5 Re8 12. Bf4 Nc7 13. a4 Bf5 14. Nh4 Bc8 15. Re1
Rxe1+ 16. Qxe1 Nh5 17. Be3 a6 18. a5 b5 19. axb6 Rxb6 20. Qd2 Nf6 21. Bg5 Bd7
22. Nf3 Qb8 23. Ra2 a5 24. Rxa5 Rxb2 25. Qf4 Nce8 26. Ne4 Nxe4 27. Qxe4 Bf5 28.
Qe3 Rb3 29. Qd2 Rb2 30. Qe3 Rb3 31. Qe7 Rb7 32. Qe2 Rb2 33. Qe3 1/2-1/2

[Event "Women's Speed Chess Q7"]
[Site "chess.com INT"]
[Date "2021.06.06"]
[Round "5"]
[White "Szente Varga, Fruzsina"]
[Black "Pham, Le Thao Nguyen"]
[Result "0-1"]
[WhiteTitle "WFM"]
[BlackTitle "IM"]
[WhiteElo "2100"]
[BlackElo "2369"]
[WhiteFideId "712264"]
[BlackFideId "12401226"]
[EventDate "2021.06.06"]

1. e4 c6 2. d4 d5 3. Nc3 dxe4 4. Nxe4 Nf6 5. Nxf6+ exf6 6. Be3 Bd6 7. Qd2 O-O 8.
O-O-O Nd7 9. g4 Re8 10. g5 Nf8 11. gxf6 Qxf6 12. Bd3 Ng6 13. Ne2 Bf5 14. h4 Bxd3
15. Qxd3 Nf4 16. Nxf4 Bxf4 17. Rdg1 Re7 18. Qd2 Bxe3 19. fxe3 Rae8 20. Re1 Re4
21. Rhf1 Qxh4 22. Qg2 Qg4 23. Qd2 Qe6 24. Rf3 f5 25. Rg3 f4 26. Rg5 Rxe3 27.
Reg1 Re1+ 28. Rxe1 Qxe1+ 29. Qxe1 Rxe1+ 30. Kd2 Re7 31. d5 h6 32. Rf5 g5 33. c4
cxd5 34. cxd5 Kg7 35. Kd3 Rf7 36. Re5 f3 37. Re1 g4 38. Kd4 g3 39. d6 f2 0-1

[Event "Women's Speed Chess Q7"]
[Site "chess.com INT"]
[Date "2021.06.06"]
[Round "5"]
[White "Zhuravleva, Olga"]
[Black "Zhou, Qiyu"]
[Result "1/2-1/2"]
[WhiteTitle "WIM"]
[BlackTitle "FM"]
[WhiteElo "2278"]
[BlackElo "2229"]
[WhiteFideId "4145933"]
[BlackFideId "505161"]
[EventDate "2021.06.06"]

1. e4 e5 2. Nf3 Nc6 3. Bc4 Bc5 4. b4 Bxb4 5. c3 Bd6 6. d4 Nf6 7. O-O O-O 8. Nbd2
h6 9. Re1 Re8 10. Nf1 a6 11. Ng3 b5 12. Bb3 Bf8 13. dxe5 Nxe5 14. Nxe5 Rxe5 15.
Bf4 Re8 16. e5 Bb7 17. exf6 Qxf6 18. Be3 Qc6 19. f3 Qxc3 20. Bd4 Rxe1+ 21. Qxe1
Qxd4+ 22. Kh1 Qf6 23. Rd1 d6 24. Ne4 Qe5 25. Qh4 Bxe4 26. fxe4 Re8 27. Rf1 Re7
28. Bd5 Qg5 29. Qf2 Qg6 30. g3 Kh8 31. Qa7 f6 32. Qa8 Qe8 33. Qxa6 Rxe4 34. Bxe4
Qxe4+ 35. Kg1 Qd4+ 36. Kh1 Qe4+ 37. Kg1 Qd4+ 38. Kh1 Qd5+ 39. Kg1 Qd4+ 1/2-1/2

[Event "Women's Speed Chess Q7"]
[Site "chess.com INT"]
[Date "2021.06.06"]
[Round "5"]
[White "Zaichenko, Daria"]
[Black "Golubenko, Valentina"]
[Result "1-0"]
[WhiteTitle "WFM"]
[BlackTitle "WGM"]
[WhiteElo "2104"]
[BlackElo "2209"]
[WhiteFideId "4197453"]
[BlackFideId "4501993"]
[EventDate "2021.06.06"]

1. e4 e6 2. Nf3 d5 3. e5 c5 4. d4 Nc6 5. c3 cxd4 6. cxd4 Nge7 7. Nc3 Nf5 8. g4
Nh4 9. Be3 Bb4 10. Bd3 h6 11. Qe2 Nxf3+ 12. Qxf3 Qb6 13. Rd1 a6 14. O-O O-O 15.
Qe2 Qc7 16. Kh1 Be7 17. f4 b5 18. f5 b4 19. Nb1 f6 20. Qc2 exf5 21. gxf5 fxe5
22. dxe5 Bb7 23. f6 gxf6 24. exf6 Bxf6 25. Rg1+ Kh8 26. Rg6 Bg7 27. Rdg1 Rf7 28.
Bxh6 Rg8 29. Bxg7+ Rgxg7 30. Rh6+ Kg8 31. Bh7+ Kf8 32. Rxg7 Rxg7 33. Qf5+ Rf7
34. Rf6 Ne7 35. Rxf7+ Ke8 36. Rf8# 1-0

[Event "Women's Speed Chess Q7"]
[Site "chess.com INT"]
[Date "2021.06.06"]
[Round "5"]
[White "Sliwicka, Alicja"]
[Black "Berend, Elvira"]
[Result "1/2-1/2"]
[WhiteTitle "WIM"]
[BlackTitle "WGM"]
[WhiteElo "2308"]
[BlackElo "2326"]
[WhiteFideId "1150677"]
[BlackFideId "4000510"]
[EventDate "2021.06.06"]

1. e4 c5 2. Nf3 e6 3. d4 cxd4 4. Nxd4 Nc6 5. Nc3 a6 6. Nb3 Nf6 7. Bd3 d6 8. O-O
Be7 9. Bd2 O-O 10. f4 b5 11. Qf3 Bb7 12. Qh3 g6 13. f5 exf5 14. exf5 Ne5 15.
Rae1 Nxd3 16. Qxd3 Bc8 17. fxg6 hxg6 18. Bg5 Bf5 19. Rxf5 gxf5 20. Qxf5 Re8 21.
Re3 Nh7 22. Bxe7 Rxe7 23. Rg3+ Kh8 24. Nd5 Re1+ 25. Kf2 Re5 26. Qg4 Qg5 27. Qxg5
Nxg5 28. Nf6 Rf5+ 29. Ke3 Rxf6 30. Rxg5 Re8+ 31. Kd3 Rg6 32. Rh5+ Kg7 33. g3 Re5
34. Rh4 Rf6 35. Nd4 Rd5 36. Rg4+ Rg6 37. Rf4 Rf6 38. Rg4+ Rg6 39. Rf4 Rf6 40.
Rg4+ 1/2-1/2

[Event "Women's Speed Chess Q7"]
[Site "chess.com INT"]
[Date "2021.06.06"]
[Round "5"]
[White "Nanditha, V"]
[Black "Ortez, Andrea"]
[Result "1-0"]
[WhiteTitle "WCM"]
[BlackTitle "WIM"]
[WhiteElo "1666"]
[BlackElo "1969"]
[WhiteFideId "46626697"]
[BlackFideId "6702392"]
[EventDate "2021.06.06"]

1. e4 c5 2. Nf3 Nc6 3. d4 cxd4 4. Nxd4 g6 5. Bb5 Bg7 6. Bxc6 bxc6 7. c3 Nf6 8.
O-O O-O 9. Re1 Qc7 10. Bg5 d6 11. Nd2 Rb8 12. b3 a5 13. h3 Ba6 14. Qf3 Rfe8 15.
g4 Nd7 16. Qg2 Ne5 17. Re3 Nd3 18. Nf1 e5 19. Ne2 Qb7 20. Rd1 Nc5 21. Nfg3 f6
22. Bh4 Rbd8 23. g5 Rf8 24. gxf6 Bxf6 25. Bxf6 Rxf6 26. Nf5 Qc7 27. Nh6+ Kg7 28.
Ng4 Kh8 29. Nxf6 Rf8 30. Ng4 Ne6 31. Qg3 Bxe2 32. Rxe2 Nf4 33. Re3 Kg7 34. Rf3 1-0

[Event "Women's Speed Chess Q7"]
[Site "chess.com INT"]
[Date "2021.06.06"]
[Round "5"]
[White "Dauletova, Gulmira"]
[Black "Kanyamarala, Trisha"]
[Result "1-0"]
[WhiteTitle "WGM"]
[BlackTitle "WIM"]
[WhiteElo "2257"]
[BlackElo "2180"]
[WhiteFideId "13702971"]
[BlackFideId "45004722"]
[EventDate "2021.06.06"]

1. e4 c5 2. Nf3 d6 3. d4 cxd4 4. Qxd4 Nc6 5. Bb5 a6 6. Bxc6+ bxc6 7. c4 e5 8.
Qd3 Qc7 9. Nc3 Nf6 10. O-O Be7 11. b3 O-O 12. Ba3 h6 13. Rfd1 Rd8 14. h3 Be6 15.
Qe3 Rf8 16. Rd2 Rad8 17. Rad1 Nh5 18. Na4 f5 19. exf5 Bxf5 20. g4 Nf4 21. gxf5
Nxh3+ 22. Kh2 Nf4 23. Rg1 Rxf5 24. Rg3 Rh5+ 25. Kg1 Rf8 26. c5 Nh3+ 27. Kg2 Nf4+
28. Kf1 d5 29. Bb2 Qd7 30. Nxe5 Rh1+ 31. Rg1 Qh3+ 32. Qxh3 Rxh3 33. Nxc6 Rf3 34.
Rxg7+ Kh8 35. Rxe7+ Kg8 36. Rg7+ Kh8 37. Rg3+ 1-0

[Event "Women's Speed Chess Q7"]
[Site "chess.com INT"]
[Date "2021.06.06"]
[Round "5"]
[White "Hajiyeva, Laman"]
[Black "Luong, Phuong Hanh"]
[Result "0-1"]
[WhiteTitle "WFM"]
[BlackTitle "WIM"]
[WhiteElo "1982"]
[BlackElo "2229"]
[WhiteFideId "13415875"]
[BlackFideId "12401013"]
[EventDate "2021.06.06"]

1. d4 Nf6 2. c4 g6 3. Nc3 d5 4. cxd5 Nxd5 5. e4 Nxc3 6. bxc3 Bg7 7. Bc4 O-O 8.
Ne2 c5 9. O-O Nc6 10. Be3 Na5 11. Bd3 b6 12. Qd2 e5 13. d5 f5 14. Bh6 fxe4 15.
Bxe4 Nc4 16. Qg5 Nd6 17. Bd3 e4 18. Bc2 Qxg5 19. Bxg5 Re8 20. Rad1 Ba6 21. Rfe1
Bxe2 22. Rxe2 Bxc3 23. Bf4 Be5 24. Bxe5 Rxe5 25. f3 Rae8 26. Rde1 e3 27. f4 Rxd5
28. Rxe3 Rxe3 29. Rxe3 Rd2 30. Rd3 Rxc2 31. Rxd6 Rxa2 32. Rd8+ Kg7 33. Rd7+ Kh6
34. g4 Ra4 35. Rf7 g5 36. f5 Rxg4+ 37. Kf2 Re4 38. Kg3 Rf4 39. Rxa7 Rxf5 40. Rb7
Rf6 41. Kg4 Kg6 42. h4 h5+ 43. Kg3 gxh4+ 44. Kxh4 Rc6 45. Rb8 c4 46. Rg8+ Kh7
47. Rg5 Rc5 48. Rg2 b5 49. Rb2 c3 50. Rc2 b4 0-1